Los estudios de ciencias de la educación: curriculum y profesiones

Uloženo v:
Podrobná bibliografie
Hlavní autor: Escolano, Agustín (Autor)
Médium: Kniha
Jazyk:španělština
Vydáno: Salamanca Universidad de Salamanca 1979
Témata:
Tagy: Přidat tag
Žádné tagy, Buďte první, kdo vytvoří štítek k tomuto záznamu!

MARC

LEADER 00000nam a2200000 a 4500
001 UCG1889
003 CL-VaPUC
008 100531e19790000SP |||||||||||||||||spa|d
020 |a 8460015114 
082 0 4 |a 375  |b ESC  |2 21 
100 0 |a Escolano, Agustín  |e author  |9 549992 
245 1 4 |a Los estudios de ciencias de la educación: curriculum y profesiones 
300 |a 286 p 
942 |c BK 
945 |d 20100531 00:00:00  |a rbrito 
260 |a Salamanca  |b Universidad de Salamanca  |c 1979 
650 0 |a Currículo  |9 307290 
650 0 |a Desarrollo curricular  |9 365285 
650 0 |a Formación profesional de profesores  |9 307493 
583 |a last modification  |c 20100531 00:00:00  |k Rodrigo Vera 
999 |c 341147  |d 341145 
952 |0 0  |1 0  |4 0  |6 375_000000000000000_ESC_1979  |7 0  |8 P  |9 436434  |a BIBEDU  |b BIBEDU  |c BIBEDU_PB  |d 2019-11-22  |i 4679199  |o 375 ESC 1979  |p 4679199  |r 2024-01-25  |w 2019-11-22  |y BK  |k EBA